Nový procesný prístup vyžaduje tiež novú dokumentáciu
Nový procesný prístup v zostavovaní dokumentácie v manažérskom systéme kvality. Užívateľsky orientovaná 5K dokumentácia - jasná, stručná, konkrétna, súdržná, zákaznícky orientovaná. Príklad organizácie Gardena (Rakúsko) - dcérska spoločnosť medzinárodne pôsobiaceho koncernu. Podstatné prvky postupu...
Salvato in:
| Autore principale: | |
|---|---|
| Altri autori: | , , |
| Natura: | Capitolo di libro |
| Lingua: | slovacco |
| Soggetti: | |
| Tags: |
Nessun Tag, puoi essere il primo ad aggiungerne!!
|
MARC
| LEADER | 00000naa$a2200000$$$4500 | ||
|---|---|---|---|
| 001 | 0007541 | ||
| 005 | 20231011134624.1 | ||
| 041 | 0 | |a slo | |
| 044 | |a SK | ||
| 245 | 1 | 0 | |a Nový procesný prístup vyžaduje tiež novú dokumentáciu |c Thorsten Friedl, Wolfgang Pölz, Robert Tüchler ; prekl. Miroslav Hrnčiar |
| 520 | |a Nový procesný prístup v zostavovaní dokumentácie v manažérskom systéme kvality. Užívateľsky orientovaná 5K dokumentácia - jasná, stručná, konkrétna, súdržná, zákaznícky orientovaná. Príklad organizácie Gardena (Rakúsko) - dcérska spoločnosť medzinárodne pôsobiaceho koncernu. Podstatné prvky postupu výstavby novej procesnej a dokumentačnej štruktúry. Mapa hlavných procesov. Sedem hlavných procesov organizácie. Obsah nového popisu procesov. Subprocesy. Použitie novej metódy dokumentácie. | ||
| 610 | 2 | 0 | |a riadenie procesné |
| 610 | 2 | 0 | |a dokumentácia |
| 610 | 2 | 0 | |a procesy podnikové |
| 610 | 2 | 0 | |a projekty organizačné |
| 610 | 2 | 0 | |a Gardena |
| 100 | 1 | |a Friedl, Thorsten | |
| 700 | 1 | |a Pölz, Wolfgang | |
| 700 | 1 | |a Tüchler, Robert | |
| 700 | 1 | |a Hrnčiar, Miroslav | |